| 000 | 01089nam a22003257a 4500 | ||
|---|---|---|---|
| 003 | CHAP | ||
| 005 | 20220329134607.0 | ||
| 008 | 971013s1974 r 00010 d | ||
| 010 | _a22744 | ||
| 011 | _a23716 | ||
| 035 | _a27813 | ||
| 040 | _cCHAP | ||
| 082 |
_a633.15 _bD8 |
||
| 100 | 0 | 0 |
_aDudley, John Wesley _eed. _934387 |
| 245 | _aSeventy generations of selection for oil and protein in maize | ||
| 260 |
_aMadison, Wis. : _bCrop Science Society of America, _c1974 |
||
| 300 |
_a212 p. _b: ilus. ; gráfs. |
||
| 590 |
_aBATCH-UPD _b10 _c20130110 _lUCH01 _h1719 |
||
| 590 |
_aBATCH-UPD _b10 _c20130410 _lUCH01 _h1103 |
||
| 590 |
_aBATCH-UPD _b10 _c20130914 _lUCH01 _h1746 |
||
| 590 |
_aCONVERSION _b10 _c20130109 _lUCH01 _h1313 |
||
| 650 | 1 | 4 |
_aMaíz _xAnálisis. _970861 |
| 650 | 1 | 4 |
_aMaíz _xGenética. _970963 |
| 650 | 1 | 4 |
_aMaíz _xMejoramiento. _971006 |
| 650 | 1 | 4 |
_aMaíz _xProteínas. _971043 |
| 901 | _aBK | ||
| 942 | _cLIBRO | ||
| 949 |
_a633.15 D8 _bBC _cLIBRO _d33724000206736 _eLIBRO _h50106 _i27813 _si |
||
| 949 |
_a633.15 D8 _bBC _cLIBRO _d33724000206744 _eLIBRO _fc.2 _h50107 _i27813 _si |
||
| 999 |
_c22744 _d22744 |
||